ILLIT - Toutes les chansons - Statistiques

Statistiques générales
  • Ce quiz a été pris 176 fois
    42 depuis la dernière actualisation
  • Le résultat moyen est 20 sur 29
Statistiques - réponses
Hint Réponse % Correct
SUPER REAL ME 2 Magnetic
96%
Singles 2024 Baby It's Both (Tick-Tack English Ver.) (feat. Ava Max)
89%
I'LL LIKE YOU 5 Tick-Tack
89%
bomb 2 Billyeoon Goyangi (Do The Dance)
85%
I'LL LIKE YOU 2 Cherish (My Love)
81%
SUPER REAL ME 4 Lucky Girl Syndrome
81%
Mamihlapinatapai 2 It's Me
78%
bomb 3 jellyeous
78%
Singles 2025 jellyeous (feat. Sophie Powers)
78%
I'LL LIKE YOU 1 I'll Like You
74%
I'LL LIKE YOU 3 IYKYK (If You Know You Know)
70%
Singles 2025 NOT CUTE ANYMORE
70%
bomb 4 oops!
70%
I'LL LIKE YOU 4 Pimple
70%
Singles 2026 Sunday Morning
70%
Singles 2025 Almond Chocolate
67%
SUPER REAL ME 3 Midnight Fiction
67%
SUPER REAL ME 1 My World
67%
Singles 2025 NOT ME
67%
bomb 5 bamsopoong
63%
bomb 1 little monster
63%
Mamihlapinatapai 4 Mamihlapinatapai
63%
Mamihlapinatapai 1 GRWM (Get Ready With Me)
59%
Singles 2026 Bubee
56%
Singles 2025 Toki Yo Tomare
52%
Mamihlapinatapai 5 Love, Older You
48%
Mamihlapinatapai 3 Paw, Paw!
48%
Singles 2025 Secret Quest pour Pokémon
41%
Collaborations 2025 See U Tonight de Kylie Cantrall
30%
Aucun quiz correspondant
Distribution des résultats
% des personnes avec chaque résultat
Percentile par nombre de réponses
Votre historique - résultats
Vous n’avez pas pris ce quiz depuis la dernière actualisation